Gaming Quiz

Random Gaming or Mario Quiz

Main Mario Games Quiz Stats

 Plays Quiz not verified by Sporcle

Challenge
Share
Tweet
Embed
Score 0/17 Timer 10:00
0 Plays Today
Hint Answer % Correct
1985Super Mario Bros
100%
N64Super Mario 64
96.2%
SNESSuper Mario World
92.3%
USASuper Mario Bros 2
88.5%
Super Mario Bros 3
88.5%
GamecubeSuper Mario Sunshine
80.8%
WiiSuper Mario Galaxy
80.8%
Game BoySuper Mario Land
76.9%
DSNew Super Mario Bros
76.9%
Hint Answer % Correct
WiiSuper Mario Galaxy 2
76.9%
Game BoySuper Mario Land 2
69.2%
multi-player New Super Mario Bros Wii
69.2%
3D 3DSSuper Mario 3D Land
69.2%
Wii UNew Super Mario Bros U
65.4%
MeowSuper Mario 3D World
65.4%
3DSNew Super Mario Bros 2
61.5%
luigiSuper Luigi U
38.5%

You're not logged in!

Compare scores with friends on all Sporcle quizzes.
OR
Log In

You Might Also Like...

Show Comments

Extras

Created Jun 3, 2016ReportNominate
Tags:Mario Quiz

Top Quizzes Today


Score Distribution

Your Account Isn't Verified!

In order to create a playlist on Sporcle, you need to verify the email address you used during registration. Go to your Sporcle Settings to finish the process.

Report this User

Report this user for behavior that violates our Community Guidelines.

Details: